000 01075nas a22002417a 4500
008 230405e20230323xxk||||o |||| 00| 0 eng d
041 _aeng
100 _aLemen, Jen
110 _94900
_aRoyal Institution of Chartered Surveyors
245 _aAn A–Z of legal and regulatory compliance for APC
_c[electronic resource]
260 _bRoyal Institution of Chartered Surveyors,
_c23 March 2023
490 _aRICS Built Environment Journal,
_v23 March 2023
520 _aGiven the volume of statute and rules that apply in the UK, the Legal/regulatory compliance competency may seem daunting but this article can help.
650 _aAPC
650 _aFire Safety Act 2021
650 _aOccupiers' Liability Act 1957
650 _aOccupiers' Liability Act 1984
650 _aStreet v Mountford
651 _aInternational
690 _96225
_aBuilding surveying
700 _aLemen, Jen
856 _uhttps://ww3.rics.org/uk/en/journals/built-environment-journal/apc-legal-regulatory-compliance-core-building-surveying-competency.html
_zAvailable from RICS journals
999 _c121453
_d121453